000 00337nam a2200133Ia 4500
005 20251222143318.0
008 251222s9999||||xx |||||||||||||| ||spa||
020 _a84-7509-381-7
082 _a153.9/G91
100 _aGuilford, Joy Paul
245 0 _aLa Naturaleza de la Inteligencia Humana
264 _bPaidós Ibérica
942 _cLIB
999 _c15963
_d15963